Music Quiz

Random Music or Lyrics Quiz
Score 0/20 Timer 06:00
3 Plays Today
% Correct
And we'll keep on fighting 'til the end.
96%
Another one bites the dust.
95.8%
Is this just fantasy?
95.5%
Waving your banner all over the place.
94.1%
I wanna make a supersonic man out of you.
88.6%
Hey man, 'Jaws' was never my scene.
87.8%
Guaranteed to blow your mind.
86.7%
Crazy little thing called love.
83.6%
Fat bottomed girls, you make the rockin' world go round.
82.9%
Who waits forever anyway?
82%
% Correct
Watching some good friends screaming 'Let me out!'
80.6%
Rock 'n roll just pays the bills.
77.8%
You're my best friend.
77.6%
But my smile still stays on.
76.8%
Find me somebody to love.
75%
Just as sure as none at all.
70.2%
Hear the cry of youth.
69.1%
But Mona Lisa just keeps on smiling.
67.4%
You take my breath away.
66.4%
It finally happened.
54.1%
Remove Ads.
Support Sporcle.
Get the best of Sporcle when you Go Orange. This ad-free experience offers more features, more stats, and more fun while also helping to support Sporcle. Thank you for becoming a member.

You're not logged in!

Compare scores with friends on all Sporcle quizzes.
OR
Log In

Show Comments

Extras

Top Quizzes Today


Score Distribution

Your Account Isn't Verified!

In order to create a playlist on Sporcle, you need to verify the email address you used during registration. Go to your Sporcle Settings to finish the process.

Report this User

Report this user for behavior that violates our Community Guidelines.

Details: